• 首页
  • 本馆介绍
  • 公告通知
  • 最新文献
  • 馆藏检索
  • 电子资源
  • 读者导购
  • 参考咨询
  • 我的图书馆
  • 登录
  • 详细信息显示
  • 放入我的书架
  • 预约/预借图书
  • 作者相关作品
  • 分类相关作品
  • 丛书相关作品
  • 出版社相关作品

书目信息

  • 表格格式
  • 工作单格式
  • 卡片格式
题名:
毛泽东诗词欣赏
    
 
作者: 周振甫 著
分册:  
出版信息: 北京   中华书局  2010
页数: 279页
开本: 21cm
丛书名:
单 册:
中图分类: A841.4 , A841.4
科图分类:
主题词: 毛主席诗词--鉴赏 , 毛主席诗词 , 毛泽东著作--学习 , 毛泽东著作研究
电子资源:
ISBN: 978-7-101-07092-7
000 00957nam0 2200313 450
001 1230524046
005 20121025083011.76
010    @a978-7-101-07092-7@dCNY20.00
090    @aA84@bzzf
096    @aA84@bzzf
100    @a20100712d2010 em y0chiy50 ea
101 0  @achi
102    @aCN@b110000
105    @ay z 000gy
106    @ar
200 1  @a毛泽东诗词欣赏@b专著@f周振甫著@Amao ze dong shi ci xin shang
210    @a北京@c中华书局@d2010
215    @a279页@d21cm
330    @a本书对毛泽东所作诗词进行了鉴赏,收入了《贺新郎·别友》、《沁园春·长沙》、《菩萨蛮·黄鹤楼》、《西江月·井冈山》等诗词。
606 0  @a毛主席诗词@x鉴赏
606 0  @a毛主席诗词
606 0  @a毛泽东著作@x学习
606 0  @a毛泽东著作研究
690    @aA841.4@v4
690    @aA841.4@v4
701  0 @a周振甫@f(1911~2000)@4著@Azhou zhen fu
801  0 @aCN@b110120@c20100604
801  2 @aCN@b110120@c20100604
905    @a10447@dA841.4@e139
    
    毛泽东诗词欣赏/周振甫著.-北京:中华书局,2010
    279页;21cm
    
    
    ISBN 978-7-101-07092-7:CNY20.00
    本书对毛泽东所作诗词进行了鉴赏,收入了《贺新郎·别友》、《沁园春·长沙》、《菩萨蛮·黄鹤楼》、《西江月·井冈山》等诗词。
●
相关链接 在E读中查询图书 在五车中查询图书 在当当中查询图书 在豆瓣中查询图书


正题名:毛泽东诗词欣赏     索取号:A841.4/139         预约/预借

序号 登录号 条形码 馆藏地/架位号 状态 备注
1 0815902   208159026   第一样本阅览室/ [索取号:A841.4/139] 在馆    
2 0815903   208159035   第一借阅区/ [索取号:A841.4/139] 在馆    
3 0815904   208159044   第一借阅区/ [索取号:A841.4/139] 在馆    
4 0815905   208159053   第一借阅区/ [索取号:A841.4/139] 在馆    
5 0815906   208159062   第一借阅区/ [索取号:A841.4/139] 在馆    
唐山师范学院图书馆 欢迎您!
大连网信软件有限公司© 版权所有